Europäische Länder mit den höchsten Strompreisen - Statistiken

Allgemein
  • Dieses Quiz wurde 70 mal gespielt
  • Das Durchschnittsergebnis liegt bei 22 aus 25
Antwortstatistiken
Platz ct/kWh Land % Korrekt
1 39,5 Deutschland
100%
9 27,8 Frankreich
100%
11 27 Niederlande
98%
14 24,4 Spanien
97%
10 27,3 Österreich
95%
5 33,5 Belgien
94%
15 24,3 Schweden
94%
4 33,8 Tschechien
94%
3 37,1 Dänemark
92%
6 32,7 Italien
92%
20 21,1 Polen
92%
16 24,3 Portugal
92%
13 24,7 Finnland
91%
2 37,4 Irland
91%
21 20,8 Slowenien
91%
23 19,9 Norwegen
89%
25 18,1 Slowakei
89%
18 23 Estland
88%
12 25,5 Lettland
88%
19 21,7 Griechenland
86%
17 23,2 Litauen
85%
22 20,3 Luxemburg
85%
24 18,8 Rumänien
85%
8 32,1 Liechtenstein
68%
7 32,4 Zypern
43%
Keine übereinstimmenden Quizze gefunden
Verteilung der Resultate
Anzahl Personen mit jedem Resultat
Perzentil nach korrekt beantworteten Fragen
Ihre Resultats-Entwicklung
Sie haben dieses Quiz noch nicht gespielt